Powiaty województwa wielkopolskiego - Quiz na mapie - Statystyki

Ogólne statystyki
  • Ten quiz został rozwiązany 1 239 razy
  • Średni wynik to 16 z 35
Odpowiedzi na mapie
Odpowiedzi zakodowano w zielono-czerwonej skali na mapie do tego quizu, zgodnie z poniższymi procentami.
 
Statystyki odpowiedzi
Odpowiedź % Poprawnych
poznański
79%
Poznań
73%
Kalisz
67%
Leszno
67%
Konin
65%
leszczyński
65%
koniński
63%
kaliski
62%
pilski
55%
gnieźnieński
48%
obornicki
47%
kolski
46%
złotowski
45%
rawicki
44%
turecki
44%
czarnkowsko - trzcianecki
43%
kępiński
43%
ostrowski
42%
nowotomyski
41%
chodzieski
40%
ostrzeszowski
40%
słupecki
40%
szamotulski
40%
kościański
39%
śremski
39%
wrzesiński
38%
średzki
36%
wolsztyński
36%
grodziski
35%
jarociński
35%
krotoszyński
35%
pleszewski
35%
wągrowiecki
35%
gostyński
30%
międzychodzki
30%
Nie znaleziono quizów pasujących do podanych kryteriów
Rozkład punktacji
Procent ludzi z każdym wynikiem
Percentyl według liczby udzielonych odpowiedzi
Twoja historia wyników
Nie rozwiązałeś tego quizu